Statistics for Flag Carrier Airlines by Picture

Click here to take the quiz!

General Stats

  • This quiz has been taken 1,255 times
    (1,253 since last reset)
  • The average score is 35 of 139

Answer Stats

Answer% Correct
Air France
91%
Etihad Airways
77%
Lufthansa
75%
Aer Lingus
71%
British Airways
71%
Japan Airlines
69%
Emirates
67%
KLM Royal Dutch Airlines
67%
Air New Zealand
61%
Qantas
60%
Cathay Pacific
59%
Korean Air
59%
Air Canada
58%
Pakistan International Airlines
54%
Air Baltic
53%
Qatar Airways
51%
Air China
49%
Singapore Airlines
49%
Alitalia
48%
Malaysia Airlines
47%
Thai Airways International
47%
El Al
46%
Finnair
46%
Saudia
46%
Aeroflot
45%
Egyptair
45%
Aeromexico
43%
Air India
42%
South African Airways
41%
Icelandair
39%
Iberia
37%
Royal Jordanian
37%
Virgin Australia
37%
Ethiopian Airlines
36%
Vietnam Airlines
36%
Austrian Airlines
35%
China Airlines
35%
Kenya Airways
34%
Air Koryo
32%
TAP Air Portugal
32%
Brussels Airlines
31%
Philippine Airlines
31%
Air Malta
29%
Air Tahiti Nui
29%
Copa Airlines
28%
FIJI Airways
28%
Royal Brunei Airlines
28%
Swiss International Air Lines
27%
Air Namibia
26%
Air Zimbabwe
26%
TAROM
25%
Caribbean Airlines
23%
Gulf Air
23%
LOT Polish Airlines
23%
Middle East Airlines
23%
Royal Air Maroc
23%
SriLankan Airlines
23%
Air Vanuatu
22%
Iran Air
22%
Oman Air
22%
Aegean Airlines
21%
Croatia Airlines
21%
Garuda Indonesia
21%
Air Serbia
20%
Uganda Airlines
20%
Uzbekistan Airways
20%
Air Greenland
19%
Biman Bangladesh Airlines
19%
Bulgaria Air
19%
Iraqi Airways
19%
Luxair
19%
Ukraine International Airlines
19%
Air Seychelles
18%
Avianca
18%
Azerbaijan Airlines
17%
Druk Air
17%
Czech Airlines
16%
Kuwait Airways
16%
Tunisair
16%
Nepal Airlines
15%
TAAG Angola Airlines
15%
Aerolineas Argentinas
14%
Air Astana
14%
Air Moldova
14%
Air Senegal
14%
Bahamasair
14%
Solomon Airlines
14%
Air Kiribati
13%
Air Macau
13%
Air Mauritius
13%
Georgian Airways
12%
LAM Mozambique Airlines
12%
SAS Scandinavian Airlines
12%
Air Algerie
11%
Air Austral
11%
Boliviana de Aviación
11%
Cubana de Aviación
11%
LATAM Chile
11%
RwandAir
11%
Surinam Airways
11%
Air Burkina
10%
Air Niugini
10%
Air Tanzania
10%
Belavia
10%
Syrian Air
10%
Turkmenistan Airlines
10%
Yemenia
10%
Air Albania
9%
Air Botswana
9%
Air Madagascar
9%
Ariana Afghan Airlines
9%
Conviasa
9%
Maldivian
9%
MIAT Mongolian Airlines
9%
Montenegro Airlines
9%
Nordica
9%
Sudan Airways
9%
Afriqiyah Airways
8%
Air Côte d'Ivoire
8%
Atlantic Airways
8%
Cayman Airways
8%
Lao Airlines
8%
Mauritania Airlines
8%
Nauru Airlines
8%
Camair
7%
Cambodia Angkor Air
7%
Eritrean Airlines
7%
Libyan Airlines
7%
Malawian Airlines
7%
Myanmar National Airlines
7%
TAME
7%
Air Djibouti
6%
Aurigny Air Services
6%
Cabo Verde Airlines
6%
Equatorial Congo Airlines
6%
Eswatini Airlink
6%
CEIBA Intercontinental
5%
Samoa Airways
5%
STP Airways
5%

Score Distribution

Percentile by Number Answered

Percent of People with Each Score

Your Score History

You have not taken this quiz since the last reset